00418nam a2200157 a 45000010005000000030009000050080041000140400028000550820017000831000027001002450020001272600053001473000015002004900023002156500022002386181CO-ViMGA141112s2004 ck r 000 u spa d aCO-ViMGAbspacCO-ViMGA04aCo861.2 S4581 aSilva, Jose Asunción10aAserrin aserran aSantafé de Bogotá : bPanAméricana, c1997 a104 p : il aLiteratura juvenil14aPOESIA COLOMBIANA